Vývoj CPI v podmienkach SR od r. 1998-2008
Hospodárska kriminalita ako vážny ekonomický a spoločenský problém. Medzi oblasti hospodárskej kriminality patrí aj korupcia. Najpoužívanejší spôsob merania a vyjadrovania korupcie je CPI index (Corruption Perception Index - index vnímania korupcie).
Guardado en:
| Autor principal: | |
|---|---|
| Formato: | Capítulo de libro |
| Lenguaje: | eslovaco |
| Materias: | |
| Etiquetas: |
Sin Etiquetas, Sea el primero en etiquetar este registro!
|
MARC
| LEADER | 00000nla$a2200000$$$4500 | ||
|---|---|---|---|
| 001 | 0103435 | ||
| 005 | 20240502072126.6 | ||
| 041 | 0 | |a slo | |
| 044 | |a SK | ||
| 245 | 1 | 0 | |a Vývoj CPI v podmienkach SR od r. 1998-2008 |c Marián Vongrej |
| 520 | |a Hospodárska kriminalita ako vážny ekonomický a spoločenský problém. Medzi oblasti hospodárskej kriminality patrí aj korupcia. Najpoužívanejší spôsob merania a vyjadrovania korupcie je CPI index (Corruption Perception Index - index vnímania korupcie). | ||
| 610 | 2 | 0 | |a kriminalita hospodárska |
| 610 | 2 | 0 | |a indexy |
| 610 | 2 | 0 | |a korupcia |
| 610 | 2 | 0 | |a Slovensko |
| 100 | 1 | |a Vongrej, Marián | |